000 00322nam a22001457a 4500
003 OSt
005 20160727222357.0
008 160622b xxu||||| |||| 00| 0 eng d
040 _ctest
100 _9553
_aVolkenshtein, M, V
245 _aBiophysics
260 _aMoscow
_bMir
_c1983
300 _aBiophysics
942 _2ddc
_cBK
999 _c463
_d463